| 000 | 00765nam a22001937a 4500 | ||
|---|---|---|---|
| 999 |
_c172297 _d172297 |
||
| 005 | 20200131120640.0 | ||
| 010 | _aB-208942 | ||
| 020 |
_c250.00 _a- |
||
| 035 | _aB-208942 | ||
| 037 |
_bDBAD/PUB _a- |
||
| 082 | _a843.08 | ||
| 100 | _aعظيم ا لشا ن صد يقی | ||
| 245 |
_aا فسا نہ نگا ر پر يم چند (تنقيد ی و سما جی محا کمہ) _cعظيم ا لشا ن صد يقی |
||
| 246 |
_bAfsana Nigar Prem Chand (Tanqeedi wa Samaji Mahakma) (Urdu) _aby Azeemushan Siddiqui |
||
| 260 |
_aDelhi _bEducational publishing House _c2006 ء |
||
| 270 |
_a3108,Gali Azizuddin Vakil,Kucha Pandit,Lal kuan, _bDelhi _e110006 _k09317748056 _l- |
||
| 300 |
_a327 ص _c22 Cm(Hb) |
||
| 942 |
_2ddc _cUR _h843.08 _mص د ی |
||